000 00604nam a2200229Ia 4500
003 OSt
005 20221006164555.0
006 a|||||r|||| 00| 0
007 ta
008 221006b |||||||| |||| 00| 0 hin d
024 _a5,499
037 _cTextual
040 _aFML
_cFML
_bhin
041 _2hin
_ahin
082 _aNW44, P5 -; 5
100 _aVimal Au.
_9677810
245 0 _aHindi Chitrapat Evam Sangeet Ka Itihaas
260 _aDelhi
_bSanjay Prakashan India
_c2005
300 _a360
_ccm.
942 _hNW44, P5 -; 5
_cTEXL
_2CC
999 _c1117721
_d1117721